|
|
|
|
| LEADER |
00000nam a2200000 4500 |
| 001 |
vtls011887874 |
| 003 |
SK-MaSNL |
| 005 |
20260301101820.0 |
| 008 |
200228s1926 xx gr 000 0 slo |
| 015 |
|
|
|a SNBA1926
|
| 020 |
|
|
|q (brožované)
|
| 035 |
|
|
|a urn:nbn:sk:snk-am00det4
|
| 035 |
|
|
|a urn:nbn:sk:snk-am3hzsn
|
| 035 |
|
|
|a 562C2AB2-4D4B-4B25-9EC1-F6127ABF4DF8
|
| 040 |
|
|
|a SNK
|b slo
|c SNK
|e rda
|
| 041 |
0 |
|
|a slo
|
| 043 |
|
|
|a n-xxu--
|
| 044 |
|
|
|a xx
|
| 072 |
|
7 |
|a 271/279
|x Kresťanské cirkvi, sekty, denominácie
|2 konspekt
|
| 080 |
|
|
|a 274/279
|2 2011
|
| 080 |
|
|
|a 274/278
|2 2011
|
| 080 |
|
|
|a (73)
|2 2011
|
| 080 |
|
|
|a (041)
|2 2011
|
| 080 |
|
|
|a (0:82-5)
|2 2011
|
| 080 |
|
|
|a 27-282
|2 2011
|
| 245 |
0 |
0 |
|a Služby božie na 25 ročnú pamiatku založenia Ev. a.v.lut. cirkve "Sv. Trojice" v Bridgeport, Conn.
|b 20 Juna roku Páne 1926
|
| 264 |
|
1 |
|a [Miesto vydania nie je známe]
|b [vydavateľ nie je známy]
|c [1926]
|
| 300 |
|
|
|a 4 nečíslované strany
|c 21 cm
|
| 336 |
|
|
|a text
|b txt
|2 rdacontent
|
| 337 |
|
|
|a bez média
|b n
|2 rdamedia
|
| 338 |
|
|
|a zväzok
|b nc
|2 rdacarrier
|
| 500 |
|
|
|a Názov z obálky
|
| 650 |
0 |
7 |
|a evanjelické cirkvi
|2 SNKPH
|9 64962
|
| 650 |
0 |
7 |
|a evanjelická liturgia
|2 SNKPH
|9 68047
|
| 650 |
0 |
7 |
|a Evangelical churches
|2 SNKPHeng
|9 268254
|
| 650 |
0 |
7 |
|a liturgické texty
|2 SNKPH
|9 2001
|
| 650 |
0 |
7 |
|a Liturgical texts
|2 SNKPHeng
|9 265840
|
| 651 |
|
7 |
|a Spojené štáty americké
|2 SNKPHgeo
|9 18262
|
| 651 |
|
7 |
|a United States
|2 SNKPHeng
|9 281561
|
| 655 |
|
7 |
|a brožúry
|2 SNKPH
|9 70146
|
| 655 |
|
7 |
|a kázne
|2 SNKPH
|9 70516
|
| 655 |
|
7 |
|a Brochures
|2 SNKPHeng
|9 283327
|
| 655 |
|
7 |
|a Sermons
|2 SNKPHeng
|9 306073
|
| 958 |
|
|
|a NT
|
| 958 |
|
|
|a ONDV
|
| 999 |
|
|
|c 690409
|d 692339
|
| 952 |
|
|
|a SNK
|b SNK
|y PREZ
|7 0
|p 17A0805668
|o snkSC 10008
|i snkKSF 2921/57
|8 5
|0 0
|1 0
|4 0
|d 2019-09-18
|f 1
|l 0
|r 2025-07-09 00:00:00
|w 2026-02-23
|